Re- orienting western Feminisms (Record no. 7802)

MARC details
000 -LEADER
fixed length control field 00520nam a22001817a 4500
003 - CONTROL NUMBER IDENTIFIER
control field OSt
005 - DATE AND TIME OF LATEST TRANSACTION
control field 20220310100250.0
008 - FIXED-LENGTH DATA ELEMENTS--GENERAL INFORMATION
fixed length control field 220310b ||||| |||| 00| 0 eng d
020 ## - INTERNATIONAL STANDARD BOOK NUMBER
International Standard Book Number 9780521589758
040 ## - CATALOGING SOURCE
Transcribing agency DDC
082 ## - DEWEY DECIMAL CLASSIFICATION NUMBER
Classification number 305.42 BUL 1998
100 ## - MAIN ENTRY--PERSONAL NAME
Personal name Bulbeck, Chilla
9 (RLIN) 15894
245 ## - TITLE STATEMENT
Title Re- orienting western Feminisms
Remainder of title : women's diversity in a postcolonial world
260 ## - PUBLICATION, DISTRIBUTION, ETC. (IMPRINT)
Place of publication, distribution, etc. Newyork
Name of publisher, distributor, etc. : Cambridge university
Date of publication, distribution, etc. , C 1998
300 ## - PHYSICAL DESCRIPTION
Extent xi, 270p.
Dimensions ; 23 cm
504 ## - BIBLIOGRAPHY, ETC. NOTE
Bibliography, etc Bibliography<br/>Index
942 ## - ADDED ENTRY ELEMENTS (KOHA)
Source of classification or shelving scheme Dewey Decimal Classification
Koha item type Book
Holdings
Withdrawn status Lost status Source of classification or shelving scheme Damaged status Not for loan Home library Current library Date acquired Source of acquisition Inventory number Total Checkouts Full call number Barcode Date last seen Price effective from Koha item type
    Dewey Decimal Classification     Faculty of Interdisciplinary Studies Library Faculty of Interdisciplinary Studies Library 10/03/2022 Purchase 11/4215   305.42 BUL 1998 2022-0434 10/03/2022 10/03/2022 Book
    Dewey Decimal Classification     Faculty of Interdisciplinary Studies Library Faculty of Interdisciplinary Studies Library 10/03/2022 Purchase 11/4239   305.42 BUL 1998 2022-0435 10/03/2022 10/03/2022 Book
    Dewey Decimal Classification     Faculty of Interdisciplinary Studies Library Faculty of Interdisciplinary Studies Library 10/03/2022 Purchase 11/4236   305.42 BUL 1998 2022-0436 10/03/2022 10/03/2022 Book